|
|
|
|
| LEADER |
00000naa a2200000uu 4500 |
| 001 |
vtls010946393 |
| 003 |
SK-MaSNL |
| 005 |
20260302140311.0 |
| 008 |
210902|2001 xo |||||||||||||||||slo| |
| 015 |
|
|
|a SNBRA
|
| 035 |
|
|
|a (urnnbn)urn:nbn:sk:snk:ar-a0bg1c
|
| 035 |
|
|
|a (uuid)d2d3af4d-0d49-45d2-b106-66b212fcc686
|
| 035 |
|
|
|a urn:nbn:sk:snk-aau865
|
| 040 |
|
|
|a SNKBUCL
|b slo
|c SNKBUCL
|e AACR2
|
| 041 |
0 |
|
|a slo
|
| 044 |
|
|
|a xo
|c SK
|
| 100 |
1 |
|
|a Híveš, Ján,
|d 1963-
|4 aut
|9 211391
|
| 245 |
1 |
0 |
|a Katódové nadpätie pri elektrolýze kryolitových tavenín
|c Ján Híveš, Jana Gabčová, Vladimír Danielik
|
| 700 |
1 |
|
|a Gabčová, Jana,
|d 1948-
|4 aut
|9 40001
|
| 700 |
1 |
|
|a Danielik, Vladimír,
|d 1968-
|4 aut
|9 224632
|
| 773 |
0 |
|
|t 53. zjazd chemických spoločností
|d V Banskej Bystrici : Univerzita Mateja Bela, 2001, 2001
|g S. 193-194
|z 808902923X
|
| 958 |
|
|
|a OND
|
| 958 |
|
|
|a article11
|
| 958 |
|
|
|a chapter
|
| 999 |
|
|
|c 1330113
|d 1332043
|